Largest Countries not Bordering Previously Listed - Sudden Death, Hard - Statistics

General Stats
  • This quiz has been taken 454 times
  • The average score is 3 of 44
Answers on the Grid
Answers color-coded by a green-red scale on the quiz's grid according to % correct below.
Afghanistan
Albania
Algeria
Andorra
Angola
Argentina
Armenia
Austria
Azerbaijan
Bangladesh
Belarus
Belgium
Belize
Benin
Bhutan
Bolivia
Bosnia and
Herzegovina
Botswana
Brazil
Brunei
Bulgaria
Burkina Faso
Burundi
Cambodia
Cameroon
Canada
Central African
Republic
Chad
Chile
China
Colombia
Costa Rica
Croatia
Czech Republic
DR Congo
Denmark
Djibouti
Dominican Republic
East Timor
Ecuador
Egypt
El Salvador
Equatorial Guinea
Eritrea
Estonia
Eswatini
Ethiopia
Finland
France
Gabon
Gambia
Georgia
Germany
Ghana
Greece
Guatemala
Guinea
Guinea-Bissau
Guyana
Haiti
Honduras
Hungary
India
Indonesia
Iran
Iraq
Ireland
Israel
Italy
Ivory Coast
Jordan
Kazakhstan
Kenya
Kosovo
Kuwait
Kyrgyzstan
Laos
Latvia
Lebanon
Lesotho
Liberia
Libya
Liechtenstein
Lithuania
Luxembourg
Malawi
Malaysia
Mali
Mauritania
Mexico
Moldova
Monaco
Mongolia
Montenegro
Morocco
Mozambique
Myanmar
Namibia
Nepal
Netherlands
Nicaragua
Niger
Nigeria
North Korea
North Macedonia
Norway
Oman
Pakistan
Panama
Papua New Guinea
Paraguay
Peru
Poland
Portugal
Qatar
Rep. of the Congo
Romania
Russia
Rwanda
San Marino
Saudi Arabia
Senegal
Serbia
Sierra Leone
Slovakia
Slovenia
Somalia
South Africa
South Korea
South Sudan
Spain
Sudan
Suriname
Sweden
Switzerland
Syria
Tajikistan
Tanzania
Thailand
Togo
Tunisia
Turkey
Turkmenistan
Uganda
Ukraine
United Arab
Emirates
United Kingdom
United States
Uruguay
Uzbekistan
Vatican City
Venezuela
Vietnam
Yemen
Zambia
Zimbabwe
 
Answer Stats
Answer % Correct
Russia
84%
Canada
75%
Brazil
35%
Algeria
22%
India
19%
DR Congo
14%
Mexico
13%
Indonesia
10%
Saudi Arabia
9%
Iran
7%
Sudan
7%
South Africa
6%
Chile
4%
Germany
2%
Dominican Republic
1%
Ecuador
1%
El Salvador
1%
Greece
1%
Ireland
1%
Italy
1%
Malawi
1%
Nicaragua
1%
Nigeria
1%
Romania
1%
South Korea
1%
Spain
1%
Sweden
1%
Thailand
1%
Uzbekistan
1%
Brunei
0%
Croatia
0%
Gabon
0%
Ivory Coast
0%
Kosovo
0%
Liechtenstein
0%
Monaco
0%
Panama
0%
Senegal
0%
Sierra Leone
0%
Slovakia
0%
Somalia
0%
Syria
0%
Togo
0%
Vietnam
0%
No matching quizzes found
Score Distribution
Percent of People with Each Score
Percentile by Number Answered
Your Score History
You have not taken this quiz